_Kisa cha Mrina Asali na Wenzake wawili / Mathias Mnyampala (Record no. 7119)
[ view plain ]
| 000 -LEADER | |
|---|---|
| fixed length control field | 00363nam a2200121Ia 4500 |
| 008 - FIXED-LENGTH DATA ELEMENTS--GENERAL INFORMATION | |
| fixed length control field | 151021s9999 xx 000 0 und d |
| 050 ## - LIBRARY OF CONGRESS CALL NUMBER | |
| Classification number | PL 8704 .M58K5 1986 |
| 245 ## - TITLE STATEMENT | |
| Title | _Kisa cha Mrina Asali na Wenzake wawili / Mathias Mnyampala |
| 260 ## - PUBLICATION, DISTRIBUTION, ETC. (IMPRINT) | |
| Place of publication, distribution, etc. | Nairobi : K L B, 1986 |
| 300 ## - PHYSICAL DESCRIPTION | |
| Extent | ii, 67 p. |
| 500 ## - GENERAL NOTE | |
| General note | Includes index |
| 980 ## - EQUIVALENCE OR CROSS-REFERENCE-SERIES STATEMENT--PERSONAL NAME/TITLE [LOCAL, CANADA] | |
| Personal name | ^d20110421 01:23:39^okilerai |
No items available.